Zamestnanci v strojárskom a automobilovom priemysle v SR

Charakteristika pracovnej sily - charakteristické črty a vybrané aspekty pracovných podmienok v sektore strojárstva a automobilového priemyslu v Slovenskej republike. Význam a kľúčové postavenie strojárstva pre hospodárstvo SR.

Salvato in:
Dettagli Bibliografici
Autore principale: Krabáč, Jozef
Natura: Capitolo di libro
Lingua:slovacco
Soggetti:
Tags: Aggiungi Tag
Nessun Tag, puoi essere il primo ad aggiungerne!!

MARC

LEADER 00000naa a2200000 4500
001 0209165
005 20220729111714.3
041 0 |a slo 
044 |a SK 
245 1 0 |a Zamestnanci v strojárskom a automobilovom priemysle v SR  |c Jozef Krabáč 
520 |a Charakteristika pracovnej sily - charakteristické črty a vybrané aspekty pracovných podmienok v sektore strojárstva a automobilového priemyslu v Slovenskej republike. Význam a kľúčové postavenie strojárstva pre hospodárstvo SR. 
610 2 0 |a zamestnanci 
610 2 0 |a kvalifikácia 
610 2 0 |a špecializácia práce 
610 2 0 |a sily pracovné 
610 2 0 |a vek produktívny 
610 2 0 |a podmienky pracovné 
610 2 0 |a priemysel strojársky 
610 2 0 |a priemysel automobilový 
100 1 |a Krabáč, Jozef